000 00513nam a2200205Ia 4500
005 20240301110901.0
008 131103s9999 xx 000 0 und d
040 _aLoreto College
041 _aEnglish
082 _a370.954
_bVIV
100 _aSwami Jitatmananda
245 _aSwami Vivekananda,
_cSwami Jitatmananda
260 _aMadras
_bSri Ramkrishna Math
_c[?]
300 _a190 p.
504 _aIncludes references
650 _aEducation
651 _aIndia
850 _aLCLIB
942 _cBK
999 _c9181
_d59660